000 01024nam a22002537a 4500
999 _c180989
_d180989
005 20210825105700.0
010 _aB-741400 1516ENO7 ENG-114559
020 _a9789350717004
_c395.00
035 _aEN-98091
035 _aB-606675-691
035 _aB-741400
037 _adpl
_bGift
037 _bDBAD/PUB
082 _a657.48
100 _aRustagi, R.P.
245 _aTaxmann's fundamentals of financial management /
_cby R.P. Rustagi
250 _a10th ed
260 _aNew Delhi
_bTaxmann Publications
_c2015
270 _a59/32,New Rohtak Road,
_bNewDelhi
_e110005
_k+91-11-45562222
_l-
_m-
300 _aI-24,378p.
_c26cm(pbk)
942 _2ddc
_cEN
_mRUS
_h657.48